| 000 | 01110cam a22002895a 4500 | ||
|---|---|---|---|
| 001 | 17627254 | ||
| 005 | 20161011131135.0 | ||
| 008 | 130215t2012 ua a frb f000 0 eng d | ||
| 020 | _a9789774165405 | ||
| 020 | _a9774165403 | ||
| 040 |
_aBTCTA _beng _cBTCTA _dERASA _dIUL _dYDXCP _dMEAUC _dDLC _dEG-ScBUE |
||
| 043 | _aaw----- | ||
| 082 | 0 | 4 |
_a333.3156 _222 _bPOP |
| 245 | 0 | 0 |
_aPopular housing and urban land tenure in the Middle East : _bcase studies from Egypt, Syria, Jordan, Lebanon, and Turkey / _cedited by Myriam Ababsa, Baudouin Dupret, Eric Denis. |
| 260 |
_aCairo ; _aNew York : _bThe American University in Cairo Press, _cc.2012. |
||
| 300 |
_axix, 347 p. : _bill. ; _c24 cm. |
||
| 504 | _aIncludes bibliographical references. | ||
| 650 | 0 |
_aHousing policy _zMiddle East. _941446 |
|
| 650 | 0 |
_aUrbanization _zMiddle East. _941447 |
|
| 650 | 0 |
_aLand use, Urban _zMiddle East. _941448 |
|
| 650 | 0 |
_aCity planning _zMiddle East. _941451 |
|
| 653 |
_bBUSBOL _cOctober2016 |
||
| 700 | 1 |
_aAbabsa, Myriam, _eeditor. |
|
| 700 | 1 |
_aDupret, Baudouin, _eeditor. |
|
| 700 | 1 |
_aDenis, Eric, _eeditor. |
|
| 942 | _2ddc | ||
| 999 |
_c22514 _d22486 |
||